Preliminary chemical engineering plant design

I tiakina i:
Ngā taipitopito rārangi puna kōrero
Kaituhi matua: Baasel, William D (Author)
Hōputu: Pukapuka
Reo:Ingarihi
I whakaputaina: Nueva York Van Nostrand Reinhold 1990
Putanga:2a. ed
Ngā marau:
Ngā Tūtohu: Tāpirihia he Tūtohu
Kāore He Tūtohu, Me noho koe te mea tuatahi ki te tūtohu i tēnei pūkete!

MARC

LEADER 00000nam a2200000 a 4500
001 UCY4759
003 CL-VaPUC
008 950328e19900000US |||||||||||||||||eng|d
082 0 4 |a 660  |b BAA  |2 21 
100 0 |a Baasel, William D  |e author  |9 333240 
245 1 0 |a Preliminary chemical engineering plant design 
250 |a 2a. ed 
300 |a 572 p 
942 |c BK 
945 |d 19950328 00:00:00  |a mfernand 
260 |a Nueva York  |b Van Nostrand Reinhold  |c 1990 
650 7 |a PLANTAS QUIMICO INDUSTRIALES  |2 CL-VaPUC  |9 264084 
650 0 |a Diseño y construcción  |9 260862 
583 |a last modification  |c 19950328 00:00:00  |k Rodrigo Vera 
999 |c 232527  |d 232525 
952 |0 0  |1 0  |4 0  |6 660_000000000000000_BAA_1990  |7 0  |8 A  |9 237189  |a BIBING  |b BIBING  |d 2019-11-15  |i 3071251  |o 660 BAA 1990  |p 3071251  |r 2025-01-20  |w 2019-11-15  |y BK  |k EIQ